| 000 | 01256cam a2200253 4500 | ||
|---|---|---|---|
| 001 | ABS64437 | ||
| 008 | 010828n2001 000 0 eng u | ||
| 035 | _a(Sirsi) u114357 | ||
| 100 | _aSteed, J | ||
| 245 | _aRights of commons | ||
| 260 | _c2001 | ||
| 490 |
_aEstates Gazette _v(0133) 18 August 2001, 84(1) |
||
| 520 | _aTown or village greens (TVG) should have been registered under the Commons Registration Act 1965 and any land not registered by 31 July 1970 was not considered to be TVG. However, the Act does allow applications for land to be registered that has since become a TVG. But the CA's decision in the case "R (on the application of Beresford) v Sunderland CC", has ruled that an implied permission to use land will defeat a claim for registration as a TVG. The landowner can also secure land against registration by preventing access for more than two years. | ||
| 590 | _aABS | ||
| 650 | _aCOMMONS REGISTRATION ACT 1965 | ||
| 650 | _aCOMMONS REGISTRATION | ||
| 650 | _aR V OXFORDSHIRE CC AND ANOTHER EX P SUNNINGWELL PARISH COUNCIL | ||
| 650 | _aR V SUNDERLAND CITY COUNCIL EX P BERESFORD | ||
| 650 | _aVILLAGE GREENS | ||
| 650 | _aPERMISSIVE RIGHTS | ||
| 650 | _aDEVELOPMENT VALUE | ||
| 690 | _aPROPERTY | ||
| 942 | _n0 | ||
| 999 |
_c68098 _d68098 |
||